LIBRARY & INFORMATION CENTRE, KCAET, TAVANUR

ONLINE PUBLIC ACCESS CATALOGUE (OPAC)

Normal view MARC view
  • Hoogendoorn, Charles J

Entry Personal Name

Number of records used in: 1

001 - CONTROL NUMBER

  • control field: 6360

003 - CONTROL NUMBER IDENTIFIER

  • control field: OSt

005 - DATE AND TIME OF LATEST TRANSACTION

  • control field: 20241101120354.0

008 - FIXED-LENGTH DATA ELEMENTS

  • fixed length control field: 241101|| aca||aabn | a|a d

040 ## - CATALOGING SOURCE

  • Original cataloging agency: OSt
  • Transcribing agency: OSt

100 ## - HEADING--PERSONAL NAME

  • Personal name: Hoogendoorn, Charles J

670 ## - SOURCE DATA FOUND

  • Source citation: Work cat.: (OSt)10782: Kreider, Jan F . 2951, Solar design: components, systems, economics / , 1989.
free website counter